Kath and Kim Quiz - Statistics

General Stats
  • This quiz has been taken 295 times
  • The average score is 14 of 20
Answer Stats
Hint Answer % Correct
Kim’s “second best friend” Sharon Strzelecki
99%
Kim’s husband Brett Craig
98%
Kath’s husband Kel Knight
98%
Kath’s husband is a “purveyor of fine meats”, also known as this profession Butcher
95%
Kim’s husband’s dog Cujo
89%
Epponnee-Rae is portrayed by this pop princess as an adult Kylie Minogue
80%
Kim ends up with fines in excess of $90,000 as a result of these overdue items DVDs
74%
Name of the frequently appearing shopping center Fountain Gate
71%
Cricketer who plays the man who Kim’s second best friend marries Shane Warne
70%
Kath arrives to her wedding in a “_______ style coach” Pumpkin
69%
Name of the fictional suburb where the series is set Fountain Lakes
66%
Theme park that Kim’s second best friend get married at Luna Park
62%
Kim gives Kath a group of these animals for Mothers Day Goats
58%
Kath gets stuck to a cactus at her wedding due to applying dots to her shoes maid of this material Velcro
58%
Kerry Armstrong and this movie toy are those who Kim claim are the first two people to walk on the moon during trivial pursuit Buzz Lightyear
57%
Hollywood star that the family believe Kath’s husband has a relation to Jennifer Aniston
53%
Name of the woman with “no official creditations’ who marries Kath to her husband Marion
53%
Names of the obnoxious upper-class shop owners Prue and Trude
51%
Kim gives up this activity in order to lose weight to fit into her bridesmaid dress Smoking
49%
Name of Kath and Kim’s neighbour whom they do not get along with Mandy
44%
No matching quizzes found
Score Distribution
Percent of People with Each Score
Percentile by Number Answered
Your Score History
You have not taken this quiz